000 00504nam a2200157 4500
001 123935
003 ES-MaACL
005 20230906192258.0
007 t|
008 070214s1915 sp r ||||1| spa d
100 1 _aRamos y Loscertales, José María.
_995366
245 1 3 _aEl cautiverio en la Corona de Aragón durante los siglos XII, XIV y XV /
_cJosé María Ramos y Loscertales.
260 _aZaragoza :
_bMiguel Mañeru,
_c1915.
300 _aLXXVI, 188 p. ;
_c23 cm.
852 _aES-MaACL
_jF-2443
999 _c123935
_d123935